000 01062nam a22002177a 4500
999 _c50783
_d50783
005 20251125233017.0
008 s2549 th tha d
020 _a9745471313
040 _aNALT
041 _atha
050 _aDS 812
_bห156ห 2549
245 1 0 _aหน้าต่างสู่โลกกว้าง :
_bญี่ปุ่น /
_cมัลลิกา พงศ์ปริตร, บรรณาธิการ
260 _aกรุงเทพฯ :
_bหน้าต่างสู่โลกกว้าง,
_c2549
300 _a442 หน้า :
_bภาพประกอบ, แผนที่ ;
_c22 ซม.
651 0 _aญี่ปุ่น
_xภูมิประเทศและการท่องเที่ยว
_93868
700 0 _aมัลลิกา พงศ์ปริตร, บรรณาธิการ
850 _aNALT
856 4 0 _uhttps://hdl.handle.net/20.500.14156/401852
_71
942 _cGB
_2lcc
_02
998 _j1020
_k นางจำเรียง ระวังสำโรง